| 000 | 00705nam a2200229 a 4500 | ||
|---|---|---|---|
| 005 | 20241108063723.0 | ||
| 008 | 070822s2006 es r 000 0 spa d | ||
| 020 | _a842333824X | ||
| 035 | _aUPN01000151181 | ||
| 049 | _aCG | ||
| 050 | 4 |
_aPR6113 C3.7 _bL5.7 |
|
| 100 | 1 |
_aMcCrea, Barry, _d1974- _930430 |
|
| 245 | 1 | 0 |
_aLiterati / _cBarry McCrea ; tr. de Luis Nacenta. |
| 260 |
_aBarcelona, Esp. : _bDestino, _cc2006. |
||
| 300 | _a347 p. | ||
| 534 |
_pTraducción de: _tThe first verse |
||
| 650 | 4 |
_aHombres homosexuales _vNovela _97518 |
|
| 650 | 4 |
_aSOCIEDADES SECRETAS - _vNOVELA _92400 |
|
| 610 | 2 | 4 |
_aTRINITY COLLEGE (IRLANDA) _98217 |
| 651 | 4 |
_aDUBLIN, IRLANDA - _vNOVELA _916536 |
|
| 905 | _aLibro | ||
| 999 |
_c123320 _d123320 |
||